000 00944aaa a2200217 a 4500
001 78301
003 BD-RjUL
005 20221205105447.0
008 210906s19281346 ||||| |||| 001 0 ara d
035 _a(BD-RjUL)78527
040 _aBD-RjUL
_beng
_cBD-RjUL
041 _aara
082 _223
_a297.01
_bIBN 1928
100 _a ابن قيم, شمس الدين ابي عبدالله محمد بن ابي بكر ;; Ibn Qayyim, Shams al-Din Abi Abdullah Muhammad bin Abi Bakr
_9247422
245 _aالجواب الكافي لمن سأل عن الدواء التاني ;; aljawab alkafi liman sa'al ean aldawa' altaani /
_c شمس الدين ابي عبدالله محمد بن ابي بكر بن قيم ;; Shams Al-Din Abi Abdullah Muhammad bin Abi Bakr bin Qayyim
250 _a3rd.ed.
260 _aAl ajhar :
_bMaktubat wa Matbuaat muhammad ali sabih,
_c1958
300 _a334 p. ;
_c24 cm
650 _aIslam
_9247423
942 _2ddc
_cBK
999 _c78301
_d78301